000 02044nam0a2200325 4500
001 RU\NLR\BIBL_A\010796275
005 20250810071736.0
035 _a(NLR Aleph) 010796275
090 _a10138327
_c10138327
100 _a20150703d1943 m y0rusy50 ca
101 1 _asah
_crus
102 _aRU
105 _aa z 000fy
200 1 _aКомсомол ийе дойдону кѳмүскүүр сэриигэ
_f[тылб. ред. А. Р. Халыев]
210 _aЯкутскай .
_cЯкутгосиздат
_d1943
215 _a106,[2] с.
_cпортр., ил.
_d14
300 _aБез. тит. л. Описано по обл.
327 1 _aСодерж.: Тимур Фрунзе/ Н. Богданов; Лейтенант Петр Харитонов/ В. Саяов; Төлөннөөх сэрииһит/ В. Ставскай; Муоста/ Арк. Гайдар
464 0 _12001#$aТимур Фрунзе$fН. Богданов
_1700#1$aБогданов$bН.
_tТимур Фрунзе
_aБогданов, Н.
464 0 _12001#$aЛейтенант Петр Харитонов$fВ. Саяов
_1700#1$aСаянов$bВ.М.$gВиссарион Михайлович$f1903-1959$3RU\NLR\AUTH\7775061
_tЛейтенант Петр Харитонов
_aСаянов, Виссарион Михайлович (1903-1959)
464 0 _12001#$aТөлөннөөх сэрииһит$fВ. Ставскай
_1700#1$aСтавский$bВ.
_tТөлөннөөх сэрииһит
_aСтавский, В.
464 0 _12001#$aМуоста$fАрк. Гайдар
_1700#1$aГайдар$bА. П.$gАркадий Петрович$f1904-1941$3RU\NLR\AUTH\77239
_tМуоста
_aГайдар, Аркадий Петрович (1904-1941)
541 1 _aКомсомол в боях за Родину
_eсб. рассказов
_zrus
686 1 _aШ6(2=Я)-91Р7-4
852 _aNLR
_bОНЛ
_jЯкут./1-92
942 _cBOOK
945 _aРоссийская национальная библиотека
980 _aNB
980 _aBV